<?xml version="1.0" encoding="UTF-8"?>
<record
    xmlns:xsi="http://www.w3.org/2001/XMLSchema-instance"
    xsi:schemaLocation="http://www.loc.gov/MARC21/slim http://www.loc.gov/standards/marcxml/schema/MARC21slim.xsd"
    xmlns="http://www.loc.gov/MARC21/slim">

  <leader>00333nam a22001337a 4500</leader>
  <controlfield tag="008">240928b        |||||||| |||| 00| 0 eng d</controlfield>
  <datafield tag="022" ind1=" " ind2=" ">
    <subfield code="a">00195286</subfield>
  </datafield>
  <datafield tag="041" ind1=" " ind2=" ">
    <subfield code="a">Eng</subfield>
  </datafield>
  <datafield tag="245" ind1=" " ind2=" ">
    <subfield code="a">The Indian Journal Of Industrial Relations</subfield>
  </datafield>
  <datafield tag="260" ind1=" " ind2=" ">
    <subfield code="a">Dehli</subfield>
    <subfield code="b">Shri Ram Centre</subfield>
    <subfield code="c">2024</subfield>
  </datafield>
  <datafield tag="300" ind1=" " ind2=" ">
    <subfield code="a">174p</subfield>
  </datafield>
  <datafield tag="856" ind1=" " ind2=" ">
    <subfield code="u">www.irhrjournal.com</subfield>
  </datafield>
  <datafield tag="942" ind1=" " ind2=" ">
    <subfield code="c">SR</subfield>
  </datafield>
  <datafield tag="999" ind1=" " ind2=" ">
    <subfield code="c">41546</subfield>
    <subfield code="d">41546</subfield>
  </datafield>
  <datafield tag="952" ind1=" " ind2=" ">
    <subfield code="0">0</subfield>
    <subfield code="1">0</subfield>
    <subfield code="2">ddc</subfield>
    <subfield code="4">0</subfield>
    <subfield code="7">0</subfield>
    <subfield code="a">IMTN</subfield>
    <subfield code="b">IMTN</subfield>
    <subfield code="d">2024-09-28</subfield>
    <subfield code="h">Vol. 60, No. 1</subfield>
    <subfield code="p">P38</subfield>
    <subfield code="r">2024-09-28 00:00:00</subfield>
    <subfield code="w">2024-09-28</subfield>
    <subfield code="y">SR</subfield>
  </datafield>
  <datafield tag="952" ind1=" " ind2=" ">
    <subfield code="0">0</subfield>
    <subfield code="1">0</subfield>
    <subfield code="2">ddc</subfield>
    <subfield code="4">0</subfield>
    <subfield code="7">0</subfield>
    <subfield code="a">IMTN</subfield>
    <subfield code="b">IMTN</subfield>
    <subfield code="d">2024-09-29</subfield>
    <subfield code="h">Vol. 59, No. 3</subfield>
    <subfield code="l">0</subfield>
    <subfield code="p">P39</subfield>
    <subfield code="r">2024-09-29 00:00:00</subfield>
    <subfield code="w">2024-09-29</subfield>
    <subfield code="y">SR</subfield>
  </datafield>
  <datafield tag="952" ind1=" " ind2=" ">
    <subfield code="0">0</subfield>
    <subfield code="1">0</subfield>
    <subfield code="2">ddc</subfield>
    <subfield code="4">0</subfield>
    <subfield code="7">0</subfield>
    <subfield code="a">IMTN</subfield>
    <subfield code="b">IMTN</subfield>
    <subfield code="d">2024-09-29</subfield>
    <subfield code="h">Vol. 59, No. 4</subfield>
    <subfield code="l">0</subfield>
    <subfield code="p">P40</subfield>
    <subfield code="r">2024-09-29 00:00:00</subfield>
    <subfield code="w">2024-09-29</subfield>
    <subfield code="y">SR</subfield>
  </datafield>
  <datafield tag="952" ind1=" " ind2=" ">
    <subfield code="0">0</subfield>
    <subfield code="1">0</subfield>
    <subfield code="2">ddc</subfield>
    <subfield code="4">0</subfield>
    <subfield code="7">0</subfield>
    <subfield code="a">IMTN</subfield>
    <subfield code="b">IMTN</subfield>
    <subfield code="d">2025-04-26</subfield>
    <subfield code="h">Vol. 60, No. 2</subfield>
    <subfield code="l">0</subfield>
    <subfield code="p">P 156</subfield>
    <subfield code="r">2025-04-26 00:00:00</subfield>
    <subfield code="w">2025-04-26</subfield>
    <subfield code="y">SR</subfield>
  </datafield>
  <datafield tag="952" ind1=" " ind2=" ">
    <subfield code="0">0</subfield>
    <subfield code="1">0</subfield>
    <subfield code="2">ddc</subfield>
    <subfield code="4">0</subfield>
    <subfield code="7">0</subfield>
    <subfield code="a">IMTN</subfield>
    <subfield code="b">IMTN</subfield>
    <subfield code="d">2025-12-04</subfield>
    <subfield code="h">Vol. 60, No. 3</subfield>
    <subfield code="l">0</subfield>
    <subfield code="p">P1072</subfield>
    <subfield code="r">2025-12-04 10:19:34</subfield>
    <subfield code="w">2025-12-04</subfield>
    <subfield code="y">SR</subfield>
  </datafield>
  <datafield tag="952" ind1=" " ind2=" ">
    <subfield code="0">0</subfield>
    <subfield code="1">0</subfield>
    <subfield code="2">ddc</subfield>
    <subfield code="4">0</subfield>
    <subfield code="7">0</subfield>
    <subfield code="a">IMTN</subfield>
    <subfield code="b">IMTN</subfield>
    <subfield code="d">2025-12-04</subfield>
    <subfield code="h">Vol. 60, No. 4</subfield>
    <subfield code="l">0</subfield>
    <subfield code="p">P1073</subfield>
    <subfield code="r">2025-12-04 10:20:20</subfield>
    <subfield code="w">2025-12-04</subfield>
    <subfield code="y">SR</subfield>
  </datafield>
</record>
